San Francisco de Asís: ternura y vigor

Αποθηκεύτηκε σε:
Λεπτομέρειες βιβλιογραφικής εγγραφής
Κύριος συγγραφέας: Boff, Leonardo (Συγγραφέας)
Μορφή: Βιβλίο
Γλώσσα:Ισπανικά
Έκδοση: Santander Sal Terrae 1994
Έκδοση:6a. ed
Σειρά:Servidores y Testigos, 14
Θέματα:
Ετικέτες: Προσθήκη ετικέτας
Δεν υπάρχουν, Καταχωρήστε ετικέτα πρώτοι!

MARC

LEADER 00000nam a2200000 a 4500
001 UCS7390
003 CL-VaPUC
008 971010e19940000SP |||||||||||||||||spa|d
020 |a 8429306234 
082 0 4 |a 235.2  |b BOF  |2 21 
100 0 |a Boff, Leonardo  |e author  |9 557377 
245 1 0 |a San Francisco de Asís: ternura y vigor 
250 |a 6a. ed 
300 |a 232 p 
942 |c BK 
945 |d 19971010 00:00:00  |a aalvarez 
260 |a Santander  |b Sal Terrae  |c 1994 
600 0 7 |a SAN FRANCISCO DE ASIS  |2 CL-VaPUC  |9 342281 
583 |a last modification  |c 20140411 05:59:17  |k Rodrigo Vera 
490 0 |a Servidores y Testigos, 14 
999 |c 345017  |d 345015 
952 |0 0  |1 0  |3 erb  |4 0  |6 235_200000000000000_BOF_1994  |7 0  |8 A  |9 443407  |a BIBTEO  |b BIBTEO  |d 2019-11-22  |i 2023490  |o 235.2 BOF 1994  |p 2023490  |r 2025-01-17  |w 2019-11-22  |y BK  |k ICR